000
00313nam a22001337a 4500
008
170908b xxu||||| |||| 00| 0 eng d
020
_a
9780471152255
041
_a
eng
080
_2
4TH
_a
91
100
_a
42
101
_a
GJEO
245
_a
EXPLOITATION CONSERVATION PRESERVATION
_c
CUTTER,S.L
942
_2
udc
_c
BK
999
_c
26706
_d
26706